000
00252 a2200097 4500
001
33396
100
_a
Karrenberg,U
245
_a
An Interactive Multimedia Introduction to signal processing
260
_a
Berlin
_b
Springer
_c
2002
090
_c
22264
_d
22264
942
_a
NUST-CAE
_c
M
_c
13630
999
_c
268469
_d
268469